000 00934nam a22001817a 4500
999 _c63888
_d63888
003 Ge_BSU
005 20260212114601.0
008 260212s1975 ge ||||| |||| 00| 0 geo d
041 _ageo
080 _a338(479.22) ე-56
100 _aელიზბარაშვილი, კლიმენტი
_926883
245 _aსაქართველოს სსრ სახალხო მეურნეობის ძირითადი ფონდები :
_bეკონომ.-სტატ. ნარკვევი /
_cკლიმენტი ელიზბარაშვილი.
264 _aთბილისი :
_bთბილ. უნ-ტის გამ-ბა,
_c1975.
300 _a111 გვ. ;
_b20 სმ.
653 _aსაქართველოს სახალხო მეურნეობა
653 _aძირითადი ფონდები
942 _2udc
_cᲬᲘᲒᲜᲘ